<?xml version="1.0" encoding="UTF-8"?>
<record
    xmlns:xsi="http://www.w3.org/2001/XMLSchema-instance"
    xsi:schemaLocation="http://www.loc.gov/MARC21/slim http://www.loc.gov/standards/marcxml/schema/MARC21slim.xsd"
    xmlns="http://www.loc.gov/MARC21/slim">

  <leader>02961nam a2200469Ia 4500</leader>
  <controlfield tag="001">dia_3800</controlfield>
  <controlfield tag="003">CHAP</controlfield>
  <controlfield tag="005">20240305101846.0</controlfield>
  <controlfield tag="007">ta</controlfield>
  <controlfield tag="008">220117s2007    mx abdofr     001 0 spa d</controlfield>
  <datafield tag="040" ind1=" " ind2=" ">
    <subfield code="c">CHAP</subfield>
    <subfield code="a">mxchpua</subfield>
  </datafield>
  <datafield tag="090" ind1=" " ind2=" ">
    <subfield code="a">T.C.448 </subfield>
    <subfield code="b">S26 IAI </subfield>
    <subfield code="c">2007</subfield>
  </datafield>
  <datafield tag="245" ind1="1" ind2="0">
    <subfield code="a">Regi&#xF3;n del Valle del Yaqui, Sonora /</subfield>
    <subfield code="c">coordinadores Victor S&#xE1;nchez Pe&#xF1;a, Mauro Contreras Ru&#xED;z y Mar&#xED;a Leticia Hern&#xE1;ndez Hern&#xE1;ndez</subfield>
  </datafield>
  <datafield tag="260" ind1=" " ind2=" ">
    <subfield code="a">M&#xE9;xico :</subfield>
    <subfield code="b">El autor,</subfield>
    <subfield code="c">2007</subfield>
  </datafield>
  <datafield tag="300" ind1=" " ind2=" ">
    <subfield code="a">117 hojas :</subfield>
    <subfield code="b">ilustraciones, mapas, gr&#xE1;ficas, diagramas, tablas, fotos</subfield>
  </datafield>
  <datafield tag="336" ind1=" " ind2=" ">
    <subfield code="2">rdacontent</subfield>
    <subfield code="a">texto</subfield>
    <subfield code="b">txt</subfield>
  </datafield>
  <datafield tag="337" ind1=" " ind2=" ">
    <subfield code="2">rdamedia</subfield>
    <subfield code="a">sin medio</subfield>
    <subfield code="b">n</subfield>
  </datafield>
  <datafield tag="338" ind1=" " ind2=" ">
    <subfield code="2">rdacarrier</subfield>
    <subfield code="a">volumen</subfield>
    <subfield code="b">nc</subfield>
  </datafield>
  <datafield tag="500" ind1=" " ind2=" ">
    <subfield code="a">5&#xB0; a&#xF1;o Grupo 1
Directorio: hojas114-117</subfield>
  </datafield>
  <datafield tag="502" ind1=" " ind2=" ">
    <subfield code="a">Viaje de Estudios </subfield>
    <subfield code="b">(IAI) -- </subfield>
    <subfield code="c">UACh. Departamento de Ingenier&#xED;a Agroindustrial, </subfield>
    <subfield code="d">2007</subfield>
  </datafield>
  <datafield tag="504" ind1=" " ind2=" ">
    <subfield code="a">Bibliograf&#xED;a: hojas 112-114</subfield>
  </datafield>
  <datafield tag="505" ind1=" " ind2=" ">
    <subfield code="t">Empresas visitadas: -- 
1. Granja Ojai, S. A. de C. V. -- 
2. Rastro TIF 227 -- 
3. Panificadora Claudia -- 
4. Pasteler&#xED;a y reposter&#xED;a La Michoacana -- 
5. Tablex Millar, S. de R. L. de C. V. -- 
6. MUNSA Molinos, S. A. de C. V. -- 
7. Uni&#xF3;n de Cr&#xE9;dito Agr&#xED;cola del Yaqui, S. A. de C. V. (UCAY) -- 
8. Uni&#xF3;n de Cr&#xE9;dito Agr&#xED;cola de Cajeme, S. A. de C. V. (UCAC) -- 
9. Asociaci&#xF3;n de Agricultores del Valle del Yaqui (AAVYAC) -- 
10. Uni&#xF3;n de Cr&#xE9;dito Agroindustrial e Industria del Valle del Yaqui, S. A. de C. V. (UCAIVYSAA) -- 
11. ARICPASES (Organizaci&#xF3;n de productores) -- 
12. AUPA (Secci&#xF3;n de riego n&#xB0; 8 pueblo Yaqui) -- 
13. COPRICOM (Comite Principal de Comercializaci&#xF3;n) -- 
14. UCAPESEN (Uni&#xF3;n de Cr&#xE9;dito Agr&#xED;cola, Pecuario y Servicios de Noroeste, S. A. de C. V. -- 
15. Unidad de Difisi&#xF3;n T&#xE9;cnica, Campo Experimental Valle del Yaqui SAGARPA - INIFAP - CIRNO -- 
16. U. E. P. C. A. I. V. Y. M. G. , S. A. de C. V. Fondo de Aseguramiento Agr&#xED;cola del Valle del Yaqui, A. C. -- 
17. FIRA (Fideicomiso Instituidos en Relaci&#xF3;n con la Agricultura) -- 
18. SAGARPA Cd. Obreg&#xF3;n, Sonora -- 
19. SEINDA (Servicios Integrales para el Desarrollo Agropecuario)</subfield>
  </datafield>
  <datafield tag="650" ind1="1" ind2="3">
    <subfield code="a">Industria agr&#xED;cola</subfield>
    <subfield code="9">137236</subfield>
    <subfield code="z">M&#xE9;xico</subfield>
    <subfield code="z">Sonora</subfield>
  </datafield>
  <datafield tag="650" ind1="1" ind2="3">
    <subfield code="a">Granos alimenticios  </subfield>
    <subfield code="9">155387</subfield>
  </datafield>
  <datafield tag="650" ind1="1" ind2="3">
    <subfield code="a">Industria de los alimentos</subfield>
    <subfield code="9">155388</subfield>
    <subfield code="z">M&#xE9;xico</subfield>
    <subfield code="z">Sonora  </subfield>
  </datafield>
  <datafield tag="650" ind1="1" ind2="3">
    <subfield code="a">Legumbres  </subfield>
    <subfield code="9">65680</subfield>
  </datafield>
  <datafield tag="650" ind1="1" ind2="3">
    <subfield code="a">Oleaginosas  </subfield>
    <subfield code="9">143465</subfield>
  </datafield>
  <datafield tag="650" ind1="1" ind2="3">
    <subfield code="a">Food grains</subfield>
    <subfield code="9">155385</subfield>
  </datafield>
  <datafield tag="650" ind1="1" ind2="3">
    <subfield code="a">Agricultural industry</subfield>
    <subfield code="9">155384</subfield>
    <subfield code="z">Mexico</subfield>
    <subfield code="z">Sonora</subfield>
  </datafield>
  <datafield tag="650" ind1="1" ind2="3">
    <subfield code="a">Food industry</subfield>
    <subfield code="9">155386</subfield>
    <subfield code="z">Mexico</subfield>
    <subfield code="z">Sonora  </subfield>
  </datafield>
  <datafield tag="650" ind1="1" ind2="3">
    <subfield code="a">Oil seeds  </subfield>
    <subfield code="9">155389</subfield>
  </datafield>
  <datafield tag="650" ind1="1" ind2="3">
    <subfield code="a">Vegetables  </subfield>
    <subfield code="9">151808</subfield>
  </datafield>
  <datafield tag="700" ind1="1" ind2=" ">
    <subfield code="a">Contreras Ruiz, Mauro</subfield>
    <subfield code="9">27534</subfield>
    <subfield code="e">coordinador</subfield>
  </datafield>
  <datafield tag="700" ind1="1" ind2=" ">
    <subfield code="a">Hern&#xE1;ndez Hern&#xE1;ndez, Mar&#xED;a Leticia</subfield>
    <subfield code="9">155391</subfield>
    <subfield code="e">coordinadora</subfield>
  </datafield>
  <datafield tag="700" ind1="1" ind2=" ">
    <subfield code="a">S&#xE1;nchez Pe&#xF1;a, Jos&#xE9; V&#xED;ctor</subfield>
    <subfield code="9">107749</subfield>
    <subfield code="e">coordinador</subfield>
  </datafield>
  <datafield tag="901" ind1=" " ind2=" ">
    <subfield code="a">T.C.448 S26 IAI 2007</subfield>
  </datafield>
  <datafield tag="902" ind1=" " ind2=" ">
    <subfield code="a">M</subfield>
  </datafield>
  <datafield tag="905" ind1=" " ind2=" ">
    <subfield code="a">5232272007                          mx bdnm8223123322spa16</subfield>
  </datafield>
  <datafield tag="942" ind1=" " ind2=" ">
    <subfield code="2">local</subfield>
  </datafield>
  <datafield tag="942" ind1=" " ind2=" ">
    <subfield code="c">VE</subfield>
  </datafield>
  <datafield tag="999" ind1=" " ind2=" ">
    <subfield code="c">174392</subfield>
    <subfield code="d">174392</subfield>
  </datafield>
  <datafield tag="952" ind1=" " ind2=" ">
    <subfield code="0">0</subfield>
    <subfield code="1">0</subfield>
    <subfield code="2">local</subfield>
    <subfield code="4">0</subfield>
    <subfield code="5">1</subfield>
    <subfield code="7">0</subfield>
    <subfield code="8">VE</subfield>
    <subfield code="a">IA_</subfield>
    <subfield code="b">IA_</subfield>
    <subfield code="d">2022-01-18</subfield>
    <subfield code="e">El autor</subfield>
    <subfield code="l">1</subfield>
    <subfield code="o">T.C.448 S26 IAI 2007</subfield>
    <subfield code="p">1106008630</subfield>
    <subfield code="r">2026-01-26 00:00:00</subfield>
    <subfield code="s">2022-08-25</subfield>
    <subfield code="t">Ej. 1</subfield>
    <subfield code="w">2022-01-18</subfield>
    <subfield code="y">VE</subfield>
  </datafield>
</record>
